Catálogo
 En Linea

Principios de epidemiología para el control de enfermedades. (Registro nro. 45412)

Detalles MARC
000 -CABECERA
campo de control de longitud fija 00311nam a2200097 a 4500
005 - FECHA Y HORA DE LA ÚLTIMA TRANSACCIÓN
campo de control 20201002052526.0
008 - DATOS DE LONGITUD FIJA--INFORMACIÓN GENERAL
campo de control de longitud fija 150601s2004 000 spa d
040 ## - FUENTE DE LA CATALOGACIÓN
Centro catalogador/agencia de origen DO-SdBNP
245 #0 - MENCIÓN DE TÍTULO
Título Principios de epidemiología para el control de enfermedades.
260 ## - PUBLICACIÓN, DISTRIBUCIÓN, ETC.
Lugar de publicación, distribución, etc. s. n. : Organización Panamericana de la Salud,
Fecha de publicación, distribución, etc. s. f.

No hay ítems disponibles.

Con tecnología Koha